000 00460nam a22001937a 4500
003 MPLRDC
005 20220104113915.0
008 210129b ||||| |||| 00| 0 eng d
020 _a7-5399-0559-X
082 _a848.4 ST-2 v.1
100 _a苏童著
245 _a世界两侧
_c
250 _a一版六刷
260 _a
_b江苏文艺出版社
_c1993
300 _b
490 _a苏童文集
650 _a现代别集
942 _cBK
_o848.4 ST-2 v.1
999 _c3292
_d3282